| 000 | 01144nam a2200289 i 4500 | ||
|---|---|---|---|
| 001 | 171972 | ||
| 003 | ES-MaACL | ||
| 005 | 20250808062820.0 | ||
| 007 | t| | ||
| 008 | 090610s1985 sp |||| | spa d | ||
| 020 | _a84-220-1208-1 | ||
| 100 | 0 |
_aAgustín _cSanto, Obispo de Hipona. _9125563 |
|
| 245 | 1 | 0 |
_aObras completas de San Agustín. _nXXXVII, _pEscritos antipelagianos (5º) / _ctraducción y notas de Luis Arias ; [texto latino tomado de la Patrología latina, corregido y actualizado por Miguel Fuertes Lanero y Primitivo Arboleya ]. |
| 250 | _aEd. bilingüe. | ||
| 260 |
_aMadrid : _bLa Editorial Católica, _c1985. |
||
| 300 |
_aXIV, 605 p. ; _c20 cm. |
||
| 490 | 1 |
_aBiblioteca de autores cristianos ; _v470 |
|
| 505 | 8 | _aContiene: Réplica a Juliano (obra inacabada) (Libros IV-VI) | |
| 546 | _aTexto latino y traducción en español. | ||
| 650 | 4 |
_aPelagianismo. _9156269 |
|
| 700 | 1 |
_aArias, Luis. _922752 |
|
| 700 | 1 |
_aFuertes Lanero, Miguel. _9140541 |
|
| 700 | 1 |
_aArboleya, Primitivo. _9140568 |
|
| 830 | 0 | 0 |
_aBiblioteca de autores cristianos _v470 _9178679 |
| 852 |
_aES-MaACL _jJ-459 |
||
| 999 |
_c171972 _d171972 |
||